000 01043nam a22003251i 4500
001 58842
003 CO-BoRNBP
005 20250828163948.0
007 ta
008 900725s1981 sp spa
017 _aB 42326-1981
_bOficina Depósito Legal Barcelona
020 _a8470805916
040 _aSpMaBN
_bspa
_cA2
080 _a087.5:860-34"19"
084 _aC ROB
100 0 _aAntoniorrobles
_d1897-1983
_961443
240 1 0 _aHermanos monigotes
245 1 0 _aHermanos monigotes
_h[Texto impreso]
_cAntonio Robles ; [ilustraciones Pilarín Bayés]
250 _a2ª ed.
300 _a2 v.
_bil.
_c18 cm
336 _2rdacontent
_atexto
_btxt
337 _2rdamedia
_asin mediación
_bn
338 _2rdacarrier
_avolumen
_bnc
490 0 _aMoby Dick
_v6/9: Biblioteca de bolsillo junior ; 91-92
650 _2LEMB
700 1 _aBayés, Pilarín
_d1941-
_961444
942 _2ddc
_cBK
956 _a2
980 _aB 42326-1981
_a84-7080-591-6
_aSpMaBN
_bBNALCALA
_jDL/176152-DL/176153
_cCONSERVACI
_81
_av.
_81.1
_a1
_81.2
_a2
_80
_a2 v.
999 _c58842
_d58842